Estatísticas para Discografia Raul Seixas

Clique aqui para jogar o quiz

Estatísticas Gerais

  • Esse quiz foi jogado 6 vezes
  • A pontuação média é 6 de 17

Estatísticas das Respostas

DataÁlbum% Correto
1975Novo Aeon
100%
1974Gîta
67%
1973Krig-Ha, Bandolo!
67%
1983Raul Seixas
67%
1989A Panela do Diabo
33%
1976Há 10 Mil Anos Atrás
33%
1977O Dia em Que a Terra Parou
33%
1973Os 24 Maiores Sucessos da Era do Rock
33%
1979Por Quem os Sinos Dobram
33%
1977Raul Rock Seixas
33%
1968Raulzito e Os Panteras*
33%
1971Sociedade da Grã-Ordem Kavernista Apresenta Sessão das 10*
33%
1987Uah-Bap-Lu-Bap-Lah-Béin-Bum!
33%
1980Abre-te Sésamo
0%
1988A Pedra do Gênesis
0%
1978Mata Virgem
0%
1984Metrô Linha 743
0%

Distribuição das Pontuações

Percentil de Números Respondidos

Porcentagem de Pessoas com Cada Pontuação

Sua Pontuação Histórica

Você não jogou esse quiz